Matemáticas universitarias /
Guardado en:
| Autor Principal: | |
|---|---|
| Formato: | Libro |
| Idioma: | Spanish |
| Publicado: |
Madrid :
McGraw-Hill,
c1985.
|
| Materias: | |
| Etiquetas: |
Agregar Etiqueta
Sin Etiquetas, Sea el primero en etiquetar este registro!
|
| LEADER | 00716nam a22002295a 4500 | ||
|---|---|---|---|
| 001 | EAD.ead001054 | ||
| 008 | 890419s1985####sp#####f########1###spa## | ||
| 005 | 20071023085500.0 | ||
| 245 | 1 | 0 | |a Matemáticas universitarias / |c Julio Grafe Arias. |
| 260 | |a Madrid : |b McGraw-Hill, |c c1985. | ||
| 300 | |a 541 p. ; |c 25 cm. | ||
| 500 | |a Incluye índice. | ||
| 521 | |a Para estudiantes de ciencias económicas y empresariales. | ||
| 020 | |a 847615030X | ||
| 100 | 1 | |a Grafe Arias, Julio | |
| 080 | |a 51(075.8) | ||
| 082 | 0 | 4 | |a 512 |2 21 |
| 650 | 7 | |a Análisis matemático. |2 unbist | |
| 010 | |z SAB9000048064 | ||
| 019 | |a M 8643-1985 | ||
| 040 | |a M-BN-DP |b spa |c M-BN-DP | ||
| 859 | |a AR-BaBDC |b BIB. ADMINISTRACION - Libros |h 512 |i G757 |p b02365 | ||
